00694nam a2200169 4500001000700000003000900007005001700016007000300033008004100036110007500077245012500152260004500277300002900322852003200351999001900383952012200402111685ES-MaACL20230906185337.0t|061121s1962 sp r ||||1| spa d2 aOrganización de los Nacionalistas Ucranianos en el Extranjero.9606310aPetlura Konovalets = Bandera asesinados por Moscú / cOrganización de los Nacionalistas Ucranianos en el Extranjero. aMadrid : b[s.n.], c1962 (fImp. Diana) a80 p. : bil. ; c25 cm. aES-MaACLjC-24030 bR.50827 c111685d111685 00104070aATENEOMbATENEOMcDEPO2d2008-01-17eSCl0oC-24030p1116508r2023-02-23 00:00:00w2023-02-23yMONOGRAFIA